| 000 | 00545cam a2200193 4500500 | ||
|---|---|---|---|
| 005 | 20260405002828.0 | ||
| 041 | _afre | ||
| 042 | _adc | ||
| 100 | 1 | 0 |
_aOrtoli, Sven _eauthor |
| 245 | 0 | 0 | _aThème astral |
| 260 | _c2018. | ||
| 500 | _a100 | ||
| 690 | _aAstrologie | ||
| 690 | _aCroyance | ||
| 690 | _aÉtoiles | ||
| 690 | _aHoroscope | ||
| 786 | 0 | _nPhilosophie magazine | 125 | 12 | 2018-12-01 | p. 10-10 | 1951-1787 | |
| 856 | 4 | 1 | _uhttps://shs.cairn.info/magazine-philosophie-magazine-2018-12-page-10?lang=fr&redirect-ssocas=7080 |
| 999 |
_c2061544 _d2061544 |
||